Geography of British Columbia - Statistics

General Stats
  • This quiz has been taken 56 times
  • The average score is 15 of 20
Answer Stats
Clue Answer % Correct
Only Canadian province that British Columbia borders Alberta
98%
Island the above city is located on {Vancouver} Island
98%
U.S. state that borders British Columbia to the northwest Alaska
96%
Capital city Victoria
96%
U.S. state British Columbia has the shortest border with Idaho
91%
Nickname sometimes used for Vancouver, due to its film industry {Hollywood} North
89%
Mountain range located in eastern British Columbia Rocky Mountains
82%
British Columbia's most popular ski resort Whistler
82%
Name one of the three most spoken languages after English and French Punjabi / Mandarin / Cantonese
80%
What is a sockeye, chinook, or pink? Salmon
76%
Glacier, Kootenay, and Yoho are examples of these National Parks
73%
Largest city in northern British Columbia Prince {George}
69%
Longest river located entirely within British Columbia Fraser River
64%
Most famous park in Vancouver {Stanley} Park
64%
Second-largest city in the Vancouver metro area Surrey
64%
Volcanic mountain range in British Columbia, Washington and Oregon Cascade Range
62%
Ocean strait that separates that island from Washington's Olympic Peninsula Strait of {Juan} {de} {Fuca}
58%
Archipelago formerly known as the Queen Charlotte Islands Haida {Gwaii}
51%
Lake that Kelowna is situated on Okanagan Lake
49%
Ocean strait that separates it from mainland British Columbia Strait of {Georgia}
40%
No matching quizzes found
Score Distribution
Percent of People with Each Score
Percentile by Number Answered
Your Score History
You have not taken this quiz